PŘÍSPĚVEK K PROBLÉMU MORGAGNI - ADAMSSTOKESOVA SYMPTOMOVÉHO KOMPLEXU

Bibliographic Details
Main Author: Sumbal, Jaroslav, 1930-1999 (Author)
Format: Article
Language:Czech

MARC

LEADER 00000nab a2200000ua 4500
001 vtls010777225
003 SK-MaSNL
005 20260407195005.0
008 230214s1929 xo |||||||||||||||||cze|
035 |a (urnnbn)urn:nbn:sk:snk:ar-a035gl 
035 |a (uuid)4dff2c2f-c6e6-41d0-8999-bea6c67be2ba 
035 |a urn:nbn:sk:snk-ab53fr 
040 |a SNKBUCL  |b slo  |c SNKBUCL  |e AACR2 
041 0 |a cze 
044 |a xo  |c SK 
100 1 |a Sumbal, Jaroslav,   |d 1930-1999  |4 aut  |9 1636311 
245 1 0 |a PŘÍSPĚVEK K PROBLÉMU MORGAGNI - ADAMSSTOKESOVA SYMPTOMOVÉHO KOMPLEXU  |c Jaroslav Sumbal 
773 0 |t Bratislavské lekárske listy  |g Roč. 9, č. 9 (1929), s. 1042-1059 
954 |a odborná, vedecká literatúra cudzojazyčná (svetová)  |2 lita 
958 |a OND 
958 |a EUIPO 
958 |a article3 
999 |c 1925758  |d 1927688